000 00582nam a2200205Ia 4500
005 20250923144405.0
008 008 250917s9999 xx 000 0 eng d
037 _aTextual
040 _aDSWL
_beng
_cDSWL
041 _aeng
_2eng
084 _aX9J341:9t2:N44, H6
_qDSWL
100 _aAhmad, Mukhtar
_9824408
245 0 _aReport on labour conditions in sugar industries
_cby Mukhtar Ahmad
260 _c1946
300 _a115 p.
365 _aINR
_b21.2
925 _g21.2
942 _cTEXL
_hX9J341:9t2:N44, H6
999 _c1438257
_d1438257